Animal Alphabet Picture 50 - Statistics

General Stats
  • This quiz has been taken 15 times
  • The average score is 24 of 26
Answer Stats
Picture Hint Answer % Correct
A Alligator
100%
B Bear
100%
C Camel
100%
D Dolphin
100%
E Elephant
100%
F Flamingo
100%
G Goat
100%
H Hyena
100%
L Lemur
100%
O Octopus
100%
P Peacock
100%
R Raccoon
100%
S Sheep
100%
T Turtle
100%
U Unicorn
100%
V Vulture
100%
W Whale
100%
Y Yak
100%
Z Zebra
100%
J Jackal
89%
M Macaw
89%
I Iguana
78%
K Kingfisher
78%
X Xantus
56%
N Numbat
44%
Q Quokka
44%
No matching quizzes found
Score Distribution
Percent of People with Each Score
Percentile by Number Answered
Your Score History
You have not taken this quiz